Normal view
MARC view
- الماوردي، أبي الحسن علي بن محمد بن حبيب ؛ تحقيق خضر محمد خضر
Entry Personal Name
001 - CONTROL NUMBER
- control field: 37228
003 - CONTROL NUMBER IDENTIFIER
- control field: JO-AjAnu
005 - DATE AND TIME OF LATEST TRANSACTION
- control field: 20230606080217.0
008 - FIXED-LENGTH DATA ELEMENTS
- fixed length control field: 230606|| aca||aabn | a|a d
040 ## - CATALOGING SOURCE
- Original cataloging agency: JO-AjAnu
- Transcribing agency: JO-AjAnu
100 ## - HEADING--PERSONAL NAME
- Personal name: الماوردي، أبي الحسن علي بن محمد بن حبيب ؛ تحقيق خضر محمد خضر
670 ## - SOURCE DATA FOUND
- Source citation: Work cat.: (JO-AjAnu)19104: الماوردي، أبي الحسن علي بن محمد بن حبيب ؛ تحقيق خضر محمد خضر, author, نصيحة الملوك